Rozpoznaj kraj po ciekawostce - Statystyki

Ogólne statystyki
  • Ten quiz został rozwiązany 77 razy
  • Średni wynik to 3 z 15
Statystyki odpowiedzi
Wskazówka Odpowiedź % Poprawnych
Przeciętny, dorosły mieszkaniec tego kraju wypija nawet 94 litry piwa rocznie Polska
84%
Ten kraj ma niezwykły kształt przypominający wstążkę. Jego długość to 4 300 km, a szerokość zaledwie 175 km Chile
46%
Bankomaty w tym kraju są w języku łacińskim Watykan
37%
Główną religią tego kraju jest islam, 96% Pakistan
28%
Najdłuższą rzeką tego kraju jest Nil Sudan Południowy
26%
Niepodległość tego kraju od Wielkiej Brytanii uzyskana została 3 września 1971 roku Katar
21%
Najstarsze ślady osadnictwa na terenie tego kraju pochodzą sprzed około 10 tysięcy lat Estonia
19%
Stolicą tego kraju jest Maseru Lesotho
16%
Najdłuższą rzeką tego kraju jest Irawadi Mjanma
14%
Kobiety w tym kraju na emeryturę mogą iść w wieku 62 lat, a mężczyźni w wieku 67 lat Czarnogóra
12%
W stolicy tego kraju znajduje się największy w Europie cmentarz żydowski Mołdawia
11%
Tylko 5% obywateli tego kraju pali papierosy Ghana
9%
Motto tego kraju: „Jedność w różnorodności” Papua-Nowa Gwinea
9%
Mieszkańcy tego kraju zęby myją skrobiąc je patyczkami Senegal
7%
80% powierzchni tego kraju to tereny górzyste Honduras
5%
Nie znaleziono quizów pasujących do podanych kryteriów
Rozkład punktacji
Procent ludzi z każdym wynikiem
Percentyl według liczby udzielonych odpowiedzi
Twoja historia wyników
Nie rozwiązałeś tego quizu